000
00386nam a22001097a 4500
082
_a
370
100
_a
Guider
_9
79384
245
_a
जवाहर नवोदय विद्यालय प्रवेश परीक्षा - 2020 कक्षा -6
260
_a
नई दिल्ली
_b
Guider Competitive Group
_c
2020
650
_a
शिक्षा
_9
79458
942
_c
HIN
999
_c
63070
_d
63070